000
00284nam a22001337a 4500
008
170130b xxu||||| |||| 00| 0 eng d
020
_a
20706049101
041
_a
eng
080
_2
8TH
_a
61
100
_a
3
101
_a
SHMI
245
_a
GUIDELINES HANDBOOK
_c
MERCK
942
_2
udc
_c
BK
999
_c
3949
_d
3949